000 00757nam a2200229 i 4500
001 bg
100 1 _aSTOBIERSKI, Ludosław
245 1 0 _aCeramika węglikowa /
_cLudosław Stobierski.
260 _aKraków :
_bUczelniane Wydawnictwa Naukowo-Dydaktyczne AGH,
_c2005.
300 _a112, [1] s. :
_bfot., rys., wykr. ;
_c24 cm.
504 _aBibliogr.
650 9 _aCeramika
_xmateriały
650 9 _aWęgliki
020 _a8389388596
040 _cBPK
041 0 _apol
080 _a666.3/.7:666.1:546
920 _a83-89388-59-6
942 _cKS
008 s pl f |000 0 pol
999 _c52852
_d52852
856 _uhttp://koha.tu.koszalin.pl/cgi-bin/koha/opac-detail.pl?biblionumber=52852
_yKatalog online BPK